Circuits de Formule 1 #3 - Statistiques

Statistiques générales
  • Ce quiz a été pris 710 fois
  • Le résultat moyen est 6 sur 15
Statistiques - réponses
Par images Réponse % Correct
Circuit de Catalunya
86%
Autodromo Enzo e Dino Ferrari
85%
Bahrain International Circuit
83%
Yas Marina Circuit
73%
Autódromo Hermanos Rodríguez
62%
Circuit of the Americas
62%
Melbourne Grand Prix Circuit
55%
Circuit Dijon-Prenois
32%
Fuji Speedway
27%
Circuit-de-Reims-Gueux
17%
Korea International Circuit
7%
Circuito Permanente del Jarama
6%
Flughafen Zeltweg
6%
Scandinavian Raceway
3%
Fair Park Circuit
2%
Aucun quiz correspondant
Distribution des résultats
% des personnes avec chaque résultat
Percentile par nombre de réponses
Votre historique - résultats
Vous n’avez pas pris ce quiz